| 000 | 00000nas 2200000za 4500 |
| 001 | 9.841665 |
| 003 | CaOODSP |
| 005 | 20221107152137 |
| 007 | cr ||||||||||| |
| 008 | 170815d19871993oncar p oss f0###b0fre|d |
| 040 | |aCaOODSP|bfre |
| 043 | |an-cn--- |
| 086 | 1 |aCS85-0016F-PDF|zCS85F0016F-PDF |
| 245 | 00|aCertaines caractéristiques de l'administration policière dans les corps policiers municipaux|h[ressource électronique] |
| 260 | |a[Ottawa] : |bStatistique Canada, Centre canadien de la statistique juridique, |c[1988?]-1993. |
| 310 | |aAnnuel |
| 362 | 0 |a1987-1992. |
| 500 | |aPubli. aussi en anglais sous le titre : Selected police administration characteristics of municipal police departments. |
| 500 | |aÉdition numérisée de l’imprimé [par Statistique Canada]. |
| 500 | |aTitre de la couv. |
| 692 | 07|2gccst|aService de police |
| 692 | 07|2gccst|aMunicipalité |
| 710 | 1 |aCanada.|bStatistique Canada. |bCentre canadien de la statistique juridique. |
| 775 | 08|tSelected police administration characteristics of municipal police departments |w(CaOODSP)9.815613 |